Health care utilization among older Mexicans: health and socioeconomic inequalities /
Guardado en:
| Autor principal: | |
|---|---|
| Otros Autores: | |
| Formato: | Texto |
| Etiquetas: |
Agregar Etiqueta
Sin Etiquetas, Sea el primero en etiquetar este registro!
|
MARC
| LEADER | 00000 a a2200000 04500 | ||
|---|---|---|---|
| 001 | 17280 | ||
| 003 | |||
| 040 | |||
| 100 | |a Wong, Rebeca | ||
| 245 | |a Health care utilization among older Mexicans: |b health and socioeconomic inequalities / |c Rebeca Wong | ||
| 700 | |a Díaz, Juan José | ||
| 773 | |g volumen 49; páginas 505-514 | ||
| 999 | |c 23995 |d 23995 | ||
